000 00470cam a22001337a 4500
008 180718b1991 xxu||||| |||| 00| 0 eng d
082 _aU6 P939
100 _aSong, Dae Hee
245 _aPrivatisation and its lessons for equity: the South Korean example
260 _aNew Delhi
_bOxford & IBH
_c1991
300 _ap.181-90
500 _a[In] Privatisation and public enterprise: the Asia-Pacific experience, edited by Geeta Gouri
650 _aPrivatisation - South Korea
999 _c376731
_d376731